Cover the Alphabet - African Countries Quiz Stats

 Plays Quiz Updated Oct 16, 2019

Score 0/52 Timer 01:30
41 Plays Today
% Correct
X - Go
100%
X - Go
99.7%
A - Chad
98.4%
A - Chad
98.4%
I - Benin...
98.3%
I - Benin...
98.3%
E - Benin...
98.2%
E - Benin...
98.2%
N - Benin...
97.9%
N - Benin...
97.9%
T - Togo...
97.7%
T - Togo...
97.7%
G - Togo...
97.7%
G - Togo...
97.7%
R - Morocco...
97.6%
R - Morocco...
97.6%
O - Togo...
97.5%
O - Togo...
97.5%
M - Mali...
97.3%
M - Mali...
97.3%
B - Benin...
97.2%
B - Benin...
97.2%
U - Sudan...
97%
U - Sudan...
97%
C - Chad...
96.9%
C - Chad...
96.9%
% Correct
S - Comoros...
96.5%
S - Comoros...
96.5%
D - Chad...
95.4%
D - Chad...
95.4%
Z - Tanzania...
95.3%
Z - Tanzania...
95.3%
H - Chad...
94.5%
H - Chad...
94.5%
L - Mali...
94.3%
L - Mali...
94.3%
Y - Egypt...
91.6%
Y - Egypt...
91.6%
P - Egypt...
87.2%
P - Egypt...
87.2%
W - Malawi...
86.7%
W - Malawi...
86.7%
F - Burkina Faso...
85.6%
F - Burkina Faso...
85.6%
K - Kenya...
80.5%
K - Kenya...
80.5%
Q - Mozambique...
69.8%
Q - Mozambique...
69.8%
J - Djibouti
63.1%
J - Djibouti
63.1%
V - Cabo Verde...
53.8%
V - Cabo Verde...
53.8%

You're not logged in!

Compare scores with friends on all Sporcle quizzes.
OR
Log In

Sporcle TV

Today on Sporcle TV


Watch our educational content, quiz creation guides, and fun videos on Sporcle TV.

Show Comments

Extras

Top Quizzes Today


Score Distribution

Your Account Isn't Verified!

In order to create a playlist on Sporcle, you need to verify the email address you used during registration. Go to your Sporcle Settings to finish the process.

Report this User

Report this user for behavior that violates our Community Guidelines.

Details: